000 00661nam a2200181Ia 4500
008 151018s9999 xx 000 0 und d
082 _bRBASDV22846
_a891.463
100 _aमुक्ता केणेकर
245 _aभविष्य अपुल्या हाती
250 _b1
260 _bअश्वमेध प्रकाशन पुणे
_c1990
300 _a80
600 _aमुक्ता केणेकर
630 _aभविष्य अपुल्या हाती
700 _aमुक्ता केणेकर
730 _aभविष्य अपुल्या हाती
942 _cBOOK
999 _c1022512
_d1022509